Leonardo da Vinci : (Record no. 5824)
[ view plain ]
| 000 -LEADER | |
|---|---|
| fixed length control field | 01390cam a22003734a 4500 |
| 001 - CONTROL NUMBER | |
| control field | 14806052 |
| 003 - CONTROL NUMBER IDENTIFIER | |
| control field | OSt |
| 005 - DATE AND TIME OF LATEST TRANSACTION | |
| control field | 20260429171314.0 |
| 008 - FIXED-LENGTH DATA ELEMENTS--GENERAL INFORMATION | |
| fixed length control field | 070412s2005 pl a 000 0bpol |
| 010 ## - LIBRARY OF CONGRESS CONTROL NUMBER | |
| LC control number | 2007419249 |
| 020 ## - INTERNATIONAL STANDARD BOOK NUMBER | |
| International Standard Book Number | 9783822859797 |
| 035 ## - SYSTEM CONTROL NUMBER | |
| System control number | 14806052 |
| 040 ## - CATALOGING SOURCE | |
| Original cataloging agency | DLC |
| Transcribing agency | Foundation University |
| 041 1# - LANGUAGE CODE | |
| Language code of text/sound track or separate title | pol |
| Language code of original | ger |
| 043 ## - GEOGRAPHIC AREA CODE | |
| Geographic area code | e-it--- |
| 050 00 - LIBRARY OF CONGRESS CALL NUMBER | |
| Classification number | N 6923 |
| Item number | Z55 2005 |
| 100 1# - MAIN ENTRY--PERSONAL NAME | |
| Personal name | Zöllner, Frank. |
| 9 (RLIN) | 15731 |
| 245 10 - TITLE STATEMENT | |
| Title | Leonardo da Vinci : |
| Remainder of title | 1452-1519 / |
| Statement of responsibility, etc. | Frank Zöllner ; [tłumaczenie, Anna Cichowicz]. |
| 246 14 - VARYING FORM OF TITLE | |
| Title proper/short title | Leonardo |
| 260 ## - PUBLICATION, DISTRIBUTION, ETC. | |
| Place of publication, distribution, etc. | Warszawa : |
| Name of publisher, distributor, etc. | Edipresse Polska ; |
| Place of publication, distribution, etc. | Köln : |
| Name of publisher, distributor, etc. | Taschen, |
| Date of publication, distribution, etc. | 2005. |
| 264 ## - PRODUCTION, PUBLICATION, DISTRIBUTION, MANUFACTURE, AND COPYRIGHT NOTICE | |
| Copyright Date | 2005 |
| 300 ## - PHYSICAL DESCRIPTION | |
| Extent | 96 p. : |
| Other physical details | ill. ; |
| Dimensions | 23 cm. |
| Materials specified | books |
| Type of unit | books |
| 336 ## - CONTENT TYPE | |
| Content type term | text |
| Content type code | txt |
| Source | rdacontent |
| Materials specified | books |
| 337 ## - MEDIA TYPE | |
| Media type term | unmediated |
| Media type code | n |
| Source | rdamedia |
| Materials specified | books |
| 338 ## - CARRIER TYPE | |
| Carrier type term | volume |
| Carrier type code | nc |
| Source | rdacarrier |
| Materials specified | books |
| 600 00 - SUBJECT ADDED ENTRY--PERSONAL NAME | |
| Personal name | Leonardo, |
| Titles and other words associated with a name | da Vinci, |
| Dates associated with a name | 1452-1519. |
| 9 (RLIN) | 12614 |
| 650 #0 - SUBJECT ADDED ENTRY--TOPICAL TERM | |
| Topical term or geographic name entry element | Artists |
| Geographic subdivision | Italy |
| Form subdivision | Biography. |
| 9 (RLIN) | 12615 |
| 655 #7 - INDEX TERM--GENRE/FORM | |
| Genre/form data or focus term | Biographies. |
| Source of term | lcgft |
| Authority record control number or standard number | https://id.loc.gov/authorities/genreForms/gf2014026049 |
| 9 (RLIN) | 12143 |
| 700 0# - ADDED ENTRY--PERSONAL NAME | |
| Personal name | Leonardo, |
| Titles and other words associated with a name | da Vinci, |
| Dates associated with a name | 1452-1519. |
| 9 (RLIN) | 12614 |
| 906 ## - LOCAL DATA ELEMENT F, LDF (RLIN) | |
| a | 7 |
| b | cbc |
| c | origres |
| d | 3 |
| e | ncip |
| f | 20 |
| g | y-gencatlg |
| 942 ## - ADDED ENTRY ELEMENTS (KOHA) | |
| Source of classification or shelving scheme | Library of Congress Classification |
| Koha item type | Books |
| Classification part | N 6923 |
| Item part | .2005 Z55 |
| Call number prefix | (DAFA-FA) |
| Withdrawn status | Lost status | Source of classification or shelving scheme | Damaged status | Not for loan | Collection code | Home library | Current library | Shelving location | Date acquired | Source of acquisition | Total Checkouts | Full call number | Barcode | Date last seen | Price effective from | Koha item type | Accession Number |
|---|---|---|---|---|---|---|---|---|---|---|---|---|---|---|---|---|---|
| Library of Congress Classification | Non-fiction | Foundation University Library | Foundation University Library | DoArchitecture & Fine Arts | 04/29/2026 | Donations | (DAFA-FA) N 6923 .2005 Z55 | 0192026003283 | 04/29/2026 | 04/29/2026 | Books | DAFA-2026283 |
